The epistles of St. John: (Record no. 6129)

000 -LEADER
fixed length control field 00631nam a2200181 a 4500
001 - CONTROL NUMBER
control field :::00003872$&:&@@
003 - CONTROL NUMBER IDENTIFIER
control field OkBaRHE
005 - DATE AND TIME OF LATEST TRANSACTION
control field 20000607103313.0
008 - FIXED-LENGTH DATA ELEMENTS--GENERAL INFORMATION
fixed length control field s1982 j 000 0 eng u
040 ## - CATALOGING SOURCE
Transcribing agency
100 1# - MAIN ENTRY--PERSONAL NAME
Personal name Westcott, Brooke Foss, 1825-1901,
245 14 - TITLE STATEMENT
Title The epistles of St. John:
Remainder of title the Greek text with notes.
260 ## - PUBLICATION, DISTRIBUTION, ETC. (IMPRINT)
Place of publication, distribution, etc Grand Rapids, MI., :
Name of publisher, distributor, etc Wm. B. Eerdman's Publishing Co.
Date of publication, distribution, etc 1982
300 ## - PHYSICAL DESCRIPTION
Extent 245 p. ;
Dimensions 21 cm.
650 ## - SUBJECT ADDED ENTRY--TOPICAL TERM
Topical term or geographic name as entry element Bible New Testament Epistles of John
General subdivision Commentaries
942 ## - ADDED ENTRY ELEMENTS (KOHA)
Source of classification or shelving scheme
Koha item type Books
Copies
Withdrawn status Source of classification or shelving scheme Price effective from Shelving location Full call number Permanent Location Barcode Koha item type Copy number Date acquired Date last seen Not for loan Damaged status Lost status
  2010-04-14General StacksBS 2805 .W3882RHEMA Bible Training College3872Books12010-04-142018-04-03